| 000 | 01337nam a2200325 4500 | ||
|---|---|---|---|
| 001 | 0000020255 | ||
| 003 | CO-CtgCURN | ||
| 005 | 20250509185147.0 | ||
| 007 | ta | ||
| 008 | 160627s1988 000 0 eng d | ||
| 020 | _a8434415305 | ||
| 040 |
_aCO-CtgCURN _bspa _ccoctgcurn |
||
| 082 | 0 |
_a342 _bO912d |
|
| 100 | 1 | _aOtto, Ignacio de. | |
| 245 | 1 | 0 |
_aDerecho constitucional : _bsistema de fuentes / _cIgnacio de Otto. |
| 250 | _a2a ed. | ||
| 260 |
_aBarcelona : _bEditorial Ariel, _c1988. |
||
| 300 | _a315 p. | ||
| 336 | _2rdacontent | ||
| 337 |
_2rdamedia _asin mediacion _bn |
||
| 338 |
_2rdacarrier _avolumen _bnc |
||
| 490 | 1 | _aAriel Derecho | |
| 504 | _aBibliografia al final de cada capitulo. | ||
| 505 | 8 | _aEl concepto de constitucion.--La constitucion espaƱola: posicion en el ordenamiento y contenido.--Las funciones de la constitucion.--Elaboracion y reforma de la constitucion.--La constitucion y el sistema de fuentes del derecho.--La ley.--La posicion de la ley en el ordenamiento juridico.--El decreto legislativo.--El reglamento.--La creacion de derecho por los jueces | |
| 650 | 1 | 4 |
_aDerecho _vFuentes. |
| 908 | _a160627 | ||
| 942 |
_cBK _h342 _iO912d _2ddc _n0 |
||
| 999 |
_c18979 _d18979 |
||